000 00605nam a2200181Ia 4500
003 GCL
008 140319s9999 xx 000 0 ara d
040 _aGCL /
_cGCL
082 0 4 _a345.01
_bع ت
100 1 _aعبدالحميد التنورى
245 1 0 _aالتنفيذ الجنائى فى ضوء القضاء والفقة /
_cعبدالحميد التنورى
260 _a[S.N] :
_bمنشاة المعارف الاسلامية ،
_c1993
300 _a32 ص
490 _aالكتب القانونية
_v0
650 0 4 _aالقانون
650 0 4 _aقانون العقوبات
942 _2ddc
_cBK
999 _c44668
_d44668